| 000 | 01380nam a22001457a 4500 | ||
|---|---|---|---|
| 020 | _a978-81-264-5144-9 | ||
| 082 |
_a894.812.3 _bJAM/N |
||
| 100 | _aJAMES, V J | ||
| 245 | _aNIREESWARAN | ||
| 260 |
_aKOTTAYAM _bDC BOOKS _c2019 |
||
| 300 | _a320 | ||
| 520 | _aആലും മാവും ചേർന്ന ആത്മാവിന്റെ ചോട്ടിൽ സകല ഈശ്വരൻമാർക്കും ബദലായി പ്രതിഷ്ഠിക്കപ്പെട്ട നിരീശ്വരൻ സൃഷ്ടികർത്താക്കൾക്കും മീതെ പടർന്ന് പന്തലിക്കുമ്പോൾ ചരിത്രാതീത കാലം മുതൽ നിലനിന്ന വിശ്വാസവും അവിശ്വാസവും തമ്മിലുള്ള സംഘർഷം ഒരു മൂന്നാംകാഴ്ചയിലേക്ക് വായനക്കാരനെ എത്തിച്ചുചേർക്കുന്ന അത്ഭുതം സംഭവിക്കുന്നു. പ്രമേയംകൊണ്ടും ചിന്താസഞ്ചാരംകൊണ്ടും മലയാള സാഹിത്യത്തിൽ തനിപ്പെട്ടു നില്ക്കുന്ന കൃതി. | ||
| 650 |
_aMALAYALAM NOVEL _zKERALA |
||
| 942 | _cBK | ||
| 999 |
_c7974 _d7974 |
||